000
00272nam a22001097a 4500
008
160520b xxu||||| |||| 00| 0 eng d
020
_a
0312193793
041
_a
eng
080
_a
003.2
245
_a
Writing first:
_c
Laurise G. Kirszner; Stephen R. Mandell;
942
_2
udc
_c
BK
999
_c
2328
_d
2328